Normal view
MARC view
- محمود، عبدالله ذيب، م. مشارك اسامة اسماعيل دراج
Entry Personal Name
001 - CONTROL NUMBER
- control field: 62817
003 - CONTROL NUMBER IDENTIFIER
- control field: JO-AjAnu
005 - DATE AND TIME OF LATEST TRANSACTION
- control field: 20230606084246.0
008 - FIXED-LENGTH DATA ELEMENTS
- fixed length control field: 230606|| aca||aabn | a|a d
040 ## - CATALOGING SOURCE
- Original cataloging agency: JO-AjAnu
- Transcribing agency: JO-AjAnu
100 ## - HEADING--PERSONAL NAME
- Personal name: محمود، عبدالله ذيب، م. مشارك اسامة اسماعيل دراج
670 ## - SOURCE DATA FOUND
- Source citation: Work cat.: (JO-AjAnu)32031: محمود، عبدالله ذيب، م. مشارك اسامة اسماعيل دراج, author, الوجيز في الجرائم الالكترونية: القواعد الموضوعية والإجرائية